Online
Catalog

La ruptura de promesa matrimonial y la seducción de la mujer ante el derecho y la ley / (Record no. 33806)

MARC details
000 -CABECERA
campo de control de longitud fija 00477nam a2200145 a 4500
001 - NÚMERO DE CONTROL
campo de control 000034315
005 - FECHA Y HORA DE LA ÚLTIMA TRANSACCIÓN
campo de control 20200930073632.0
008 - DATOS DE LONGITUD FIJA--INFORMACIÓN GENERAL
campo de control de longitud fija 111003s1947 es 000 0 spa d
040 ## - FUENTE DE LA CATALOGACIÓN
Centro catalogador/agencia de origen DO-SdBNP
Lengua de catalogación spa
Centro/agencia transcriptor BNPHU
049 ## - FONDOS LOCALES (OCLC)
Fondos de biblioteca BNPD
100 1# - ENTRADA PRINCIPAL--NOMBRE DE PERSONA
Nombre de persona Gubern Salisachs, Santiago
9 (RLIN) 59744
245 13 - MENCIÓN DE TÍTULO
Título La ruptura de promesa matrimonial y la seducción de la mujer ante el derecho y la ley /
Mención de responsabilidad, etc. Santiago Gubern Salisanchs.
260 ## - PUBLICACIÓN, DISTRIBUCIÓN, ETC.
Lugar de publicación, distribución, etc. Barcelona :
Nombre del editor, distribuidor, etc. Bosch,
Fecha de publicación, distribución, etc. 1947.
300 ## - DESCRIPCIÓN FÍSICA
Extensión 186 p. ;
Dimensiones 23 cm.
Holdings
Estado de retiro Estado de pérdida Restricciones de uso No para préstamo Código de colección Localización permanente Ubicación/localización actual Ubicación en estantería Fecha de adquisición Número de inventario Total de préstamos Signatura topográfica completa Código de barras Fecha visto por última vez Precio válido a partir de Tipo de ítem Koha
      Excluido de préstamo Monografías: Libros y Folletos General General En catalogación 03.10.2011 LF1   34315-10 25.06.2020 25.06.2020 No se presta

Powered by Koha